Famous People Named Cole - Statistics

General Stats
  • This quiz has been taken 163 times
    116 since last reset
  • The average score is 5 of 11
Answer Stats
Life Hint Person % Correct
1919-1965 American jazz pianist and singer of songs like "The Christmas Song" Nat King Cole
85%
Fictional Nursery rhyme character who called for his pipe, bowl, and musicians King Cole
70%
1891-1964 American songwriter of musicals like Kiss Me, Kate and Anything Goes Cole Porter
57%
1950-2015 Sold seven million copies of the album Unforgettable... with Love Natalie Cole
55%
1968–2010 Best known as Arnold Jackson in Diff'rent Strokes Gary Coleman
53%
1956- TV and film actor who played Bill Lumbergh in Office Space Gary Cole
47%
1992- Actor: Grace Under Fire, Big Daddy, and Suite Life of Zack and Cody Cole Sprouse
39%
1772-1834 English Romantic poet of The Rime of the Ancient Mariner and Kubla Khan Samuel Taylor Coleridge
35%
1985- American rapper and record producer who also plays basketball J. Cole
30%
1968- Sang "Where Have All the Cowboys Gone?" and "I Don't Want to Wait" Paula Cole
26%
1975- Actor from Yellowstone, Tigerland, and Dazed and Confused Cole Hauser
14%
No matching quizzes found
Score Distribution
Percent of People with Each Score
Percentile by Number Answered
Your Score History
You have not taken this quiz since the last reset